000 00649nam a22001337a 4500
040 _cRUA
082 _aAGR KIM 2015 B519 Or.1
100 _aKIM SOVANNY; គឹម សុវណ្ណនី
245 _aEffects of irrigated water quantity on cucumber at royal university of agriculture; ប្រសិទ្ធភាពបរិមាណទឹកស្រោចស្រពលើដំណាំត្រសក់ក្នុងលក្ខខណ្ឌសាកលវិទ្យាល័យភូមិន្ទកសិកម្ម
260 _aPhnom Penh
_bRUA
_c2015
300 _ax; 52p;
_bill;
_c29cm;
856 _u KIM SOVANNY
942 _cAGR
999 _c10765
_d10765